La vida de la Academia de la Historia (Record no. 94920)

MARC details
000 -LEADER
campo de control de longitud fija 00948nam a2200205 i 4500
001 - NÚMERO DE CONTROL
campo de control 94920
003 - IDENTIFICADOR DE NÚMERO DE CONTROL
campo de control ES-MaACL
005 - FECHA Y HORA DE LA ÚLTIMA TRANSACCIÓN
campo de control 20230906181602.0
007 - CAMPO FIJO DE DESCRIPCIÓN FÍSICA--INFORMACIÓN GENERAL
campo de control de longitud fija t|
008 - DATOS DE LONGITUD FIJA--INFORMACIÓN GENERAL
campo de control de longitud fija 050518s1932 cu ||||1| spa d
100 1# - ENTRADA PRINCIPAL--NOMBRE DE PERSONA
Nombre de persona Lufríu y Alonso, René.
9 (RLIN) 158595
245 13 - MENCIÓN DEL TÍTULO
Título La vida de la Academia de la Historia
Resto del título : (1931-1932) /
Mención de responsabilidad, etc. memoria leída por el secretario Dr. René Lufriu y Alonso ; informes presentados por los señores capitán d. Joaquín Llaverías ... d. Carlos M. Trelles ... dr. José A. Rodríguez García ... dr. Emeterio S. Santovenia ... y concurso a premio del año de 1932.
260 ## - PUBLICACIÓN, DISTRIBUCIÓN, ETC.
Lugar de publicación, distribución, etc. La Habana :
Nombre del editor, distribuidor, etc. El Siglo XX,
Fecha de publicación, distribución, etc. 1932.
300 ## - DESCRIPCIÓN FÍSICA
Extensión 62 p. ;
Dimensiones 28 cm.
500 ## - NOTA GENERAL
Nota general Precede al tít: Academia de la Historia de Cuba.
500 ## - NOTA GENERAL
Nota general Informes y concurso a premio del año 1932.
610 24 - PUNTO DE ACCESO ADICIONAL DE MATERIA--NOMBRE DE ENTIDAD CORPORATIVA
Nombre de entidad corporativa o nombre de jurisdicción como elemento de entrada Academia de la Historia de Cuba-
Subdivisión de forma Memorias.
9 (RLIN) 158598
710 2# - ENTRADA AGREGADA--NOMBRE DE ENTIDAD CORPORATIVA
Nombre de entidad corporativa o nombre de jurisdicción como elemento de entrada Academia de la Historia de Cuba.
9 (RLIN) 1183
852 ## - LOCALIZACIÓN
Ubicación ES-MaACL
Número de control de estantería 1763-F-17
Holdings
Estatus retirado Estado de pérdida Estado de daño No para préstamo Colección Biblioteca de origen Biblioteca actual Ubicación en estantería Fecha de adquisición Fuente de adquisición Total de préstamos Signatura topográfica completa Código de barras Visto por última vez Precio de reemplazo Tipo de ítem Koha
        Colección de folletos Biblioteca del Ateneo de Madrid Biblioteca del Ateneo de Madrid Depósito folletos 17/01/2008     1763-F-17 1099124 23/02/2023 23/02/2023 Folleto